Statistics for Largest islands in the world

Click here to take the quiz!

General Stats

  • This quiz has been taken 24 times
  • The average score is 23 of 50

Answer Stats

CountryIslandKm% Correct
GreenlandGreenland2,130,800
100%
MadagascarMadagascar226,658
96%
United kingdom and IrelandIreland84,421
91%
IndonesiaJava138,794
91%
IndonesiaSumatra443,065
91%
Brunei, Malaysia and IndonesiaBorneo748,168
87%
CubaCuba105,806
87%
United kingdomGreat Britain209,331
87%
JapanHonshu225,800
87%
IcelandIceland101,826
87%
Sri LankaSri Lanka65,268
87%
AustraliaTasmania65,022
87%
JapanHokkaido78,719
83%
Papua new guinea and IndonesiaNew guinea785,753
83%
CanadaBaffin island507,451
74%
Dominican republic and HaitiHispaniola73,929
74%
IndonesiaSulawesi180,681
74%
ItalySicily25,711
70%
TaiwanTaiwan34,507
70%
CanadaEllesmere island196,236
65%
CanadaNewfoundland108,860
65%
ItalySardinia23,949
65%
PhilippinesLuzon109,956
61%
JapanKyushu37,437
57%
PhilippinesMindanao97,530
57%
Indonesia and east timorTimor28,418
57%
RussiaSakhalin72,493
39%
CanadaVictoria island217,291
39%
CanadaBanks island70,028
30%
ChinaHainan33,210
26%
Papua new guineaNew Britain35,145
26%
JapanShikoku18,545
22%
NorwaySpitsbergen38,981
17%
BrazilMarajo40,100
13%
AntarcticaAlexander island49,070
9%
CanadaDevon island55,247
9%
Argentina and ChileIsla grande de Tierra del Fuego47,992
9%
CanadaMelville island42,149
9%
CanadaVancouver island31,285
9%
CanadaAxel heiberg island43,178
4%
BrazilBananal20,000
4%
AntarcticaBerkner island43,873
4%
RussiaKotelny island24,000
4%
CanadaPrince of Wales island33,339
4%
RussiaSeverny island47,079
4%
CanadaSomerset24,786
4%
CanadaSouthampton island41,214
4%
New ZealandTe lka-a-maui111,583
4%
New ZealandTe waipounamu145,836
4%
RussiaYushny island33,246
4%

Score Distribution

Percentile by Number Answered

Percent of People with Each Score

Your Score History

You have not taken this quiz